[Event "French Top 12 2013"]
[Site "Haguenau FRA"]
[Date "2013.06.04"]
[Round "6.1"]
[White "Meier, Georg"]
[Black "Rozentalis, Eduardas"]
[Result "1/2-1/2"]
[WhiteTitle "GM"]
[BlackTitle "GM"]
[WhiteElo "2655"]
[BlackElo "2611"]
[WhiteTeam "Vandoeuvre-Echecs"]
[BlackTeam "C.E. Strasbourg"]
[WhiteFideId "4675789"]
[BlackFideId "12800023"]
[EventDate "2013.05.30"]

1. c4 e6 2. g3 Nf6 3. Bg2 d5 4. Nf3 Be7 5. O-O O-O 6. d4 dxc4 7. Qc2 a6 8. a4
Bd7 9. Qxc4 Bc6 10. Bg5 Nbd7 11. Nc3 h6 12. Bxf6 Nxf6 13. b4 Bd5 14. Nxd5 exd5
15. Qb3 c6 16. e3 Bd6 17. Rfc1 Qe7 18. Rab1 h5 19. Rc2 Rfe8 20. b5 axb5 21. axb5
c5 22. dxc5 Bxc5 1/2-1/2

[Event "French Top 12 2013"]
[Site "Haguenau FRA"]
[Date "2013.06.04"]
[Round "6.2"]
[White "Sanikidze, Tornike"]
[Black "Landa, Konstantin"]
[Result "1-0"]
[WhiteTitle "GM"]
[BlackTitle "GM"]
[WhiteElo "2549"]
[BlackElo "2644"]
[WhiteTeam "C.E. Strasbourg"]
[BlackTeam "Vandoeuvre-Echecs"]
[WhiteFideId "13602608"]
[BlackFideId "4101685"]
[EventDate "2013.05.30"]

1. d4 Nf6 2. c4 e6 3. Nf3 d5 4. Nc3 dxc4 5. e4 Bb4 6. Bg5 c5 7. e5 cxd4 8. Qa4+
Nc6 9. O-O-O Bd7 10. Ne4 Be7 11. exf6 gxf6 12. Bh4 e5 13. Bxc4 a6 14. Qb3 Na5
15. Nxf6+ Kf8 16. Nxd7+ Qxd7 17. Bxe7+ Qxe7 18. Qd3 Rc8 19. b3 b5 20. Qf5 Rc5
21. Rhe1 Nc6 22. Qc8+ Nd8 23. Qxa6 bxc4 24. Qh6+ Ke8 25. Nxd4 cxb3+ 26. Kb1
bxa2+ 27. Ka1 e4 28. f3 Re5 29. Qg7 Rf8 30. Qh6 f6 31. fxe4 Qc5 32. Qd2 Kf7 33.
Nf5 Kg8 34. Rc1 Qb6 35. Qd7 Nf7 36. Rc8 Rxe4 37. Rec1 Rd8 38. Rxd8+ 1-0

[Event "French Top 12 2013"]
[Site "Haguenau FRA"]
[Date "2013.06.04"]
[Round "6.3"]
[White "Bauer, Christian"]
[Black "Vaisser, Anatoly"]
[Result "1-0"]
[WhiteTitle "GM"]
[BlackTitle "GM"]
[WhiteElo "2638"]
[BlackElo "2548"]
[WhiteTeam "Vandoeuvre-Echecs"]
[BlackTeam "C.E. Strasbourg"]
[WhiteFideId "603767"]
[BlackFideId "603252"]
[EventDate "2013.05.30"]

1. Nf3 f5 2. g3 Nf6 3. Bg2 e6 4. O-O d5 5. c4 Bd6 6. d3 O-O 7. Nc3 c6 8. cxd5
cxd5 9. e4 Nc6 10. exf5 exf5 11. Bg5 h6 12. Bxf6 Qxf6 13. Re1 d4 14. Nb5 Kh8 15.
Qb3 Bb4 16. Re2 Ba5 17. Rc1 f4 18. Re4 fxg3 19. hxg3 Bf5 20. Rf4 g5 21. Rxf5
Qxf5 22. Nd6 Qf6 23. Qxb7 Ne7 24. Ne4 Qg7 25. b4 Bb6 26. a4 Rab8 27. Qd7 Nf5 28.
Qxg7+ Kxg7 29. a5 Bd8 30. Nc5 Re8 31. Bh3 Nd6 32. Bd7 Rh8 33. Nxd4 Bf6 34. Nc6
Ra8 35. Ne6+ Kg6 36. Nc7 Rad8 37. Be6 Nf5 38. Bxf5+ Kxf5 39. Rc5+ Kg6 40. Nxd8
Rxd8 41. Rd5 Rc8 42. Rd7 Be5 43. Na6 Rc1+ 44. Kg2 Rc2 45. Nc5 Bc3 46. Rxa7 Bxb4
47. Ne4 Ra2 48. a6 Bf8 49. g4 Ra3 50. Ra8 Bg7 51. Nd6 Rxd3 52. Nf5 1-0

[Event "French Top 12 2013"]
[Site "Haguenau FRA"]
[Date "2013.06.04"]
[Round "6.4"]
[White "Kallai, Gabor"]
[Black "Paci, Cedric"]
[Result "1-0"]
[WhiteTitle "GM"]
[BlackTitle "FM"]
[WhiteElo "2473"]
[BlackElo "2326"]
[WhiteTeam "C.E. Strasbourg"]
[BlackTeam "Vandoeuvre-Echecs"]
[WhiteFideId "700282"]
[BlackFideId "614203"]
[EventDate "2013.05.30"]

1. d4 e6 2. c4 Nf6 3. g3 Bb4+ 4. Nd2 d5 5. Bg2 O-O 6. Nf3 dxc4 7. Qc2 Nc6 8. e3
e5 9. dxe5 Ng4 10. O-O Ngxe5 11. Nxe5 Nxe5 12. Nxc4 Nxc4 13. Qxc4 Qe7 14. e4 Be6
15. Qe2 Rad8 16. Be3 Bc5 17. Rfc1 Bd4 18. Rd1 c5 19. h3 b6 20. Bxd4 Rxd4 21.
Rxd4 cxd4 22. Qd2 Rd8 23. b3 Qd6 24. Kh2 f6 25. Bf1 Bf7 26. Rc1 h6 27. Bd3 Re8
28. Qc2 Qe7 29. Kg2 Bg6 30. f3 Bf7 31. Qc7 Be6 32. Qxe7 Rxe7 33. g4 g5 34. f4
Kg7 35. Kf3 h5 36. f5 hxg4+ 37. hxg4 Bd5 38. Rc8 Bb7 39. Rd8 Rc7 40. Rxd4 Kf8
41. Rd6 Ke7 42. Re6+ Kf7 43. Bc4 Kg7 44. Ke3 Rd7 45. e5 fxe5 46. Rg6+ Kh7 47.
Rxg5 Rd4 48. f6 Re4+ 49. Kd2 Rd4+ 50. Kc3 Bf3 51. f7 Rf4 52. Rg8 1-0

[Event "French Top 12 2013"]
[Site "Haguenau FRA"]
[Date "2013.06.04"]
[Round "6.5"]
[White "Nezar, Mustapha"]
[Black "Roos, Louis"]
[Result "0-1"]
[WhiteTitle "IM"]
[BlackTitle "IM"]
[WhiteElo "2396"]
[BlackElo "2373"]
[WhiteTeam "Vandoeuvre-Echecs"]
[BlackTeam "C.E. Strasbourg"]
[WhiteFideId "608637"]
[BlackFideId "600288"]
[EventDate "2013.05.30"]

1. d4 e6 2. c4 f5 3. g3 Nf6 4. Bg2 Be7 5. Nf3 O-O 6. O-O d6 7. Nc3 Qe8 8. Qc2
Qg6 9. b4 Nbd7 10. c5 a6 11. Rb1 Qh5 12. Bf4 h6 13. Na4 Nd5 14. Bd2 N7f6 15. Nc3
Bd7 16. Nxd5 Nxd5 17. e4 fxe4 18. Qxe4 Rf6 19. g4 Qf7 20. Ne1 Bc6 21. Qe2 Bb5
22. Nd3 Nf4 23. Bxf4 Rxf4 24. Bxb7 Rf8 25. Qe3 Rxg4+ 26. Kh1 Bf6 27. Be4 d5 28.
Bg2 Bxd4 29. Qh3 Rxg2 30. Ra1 0-1

[Event "French Top 12 2013"]
[Site "Haguenau FRA"]
[Date "2013.06.04"]
[Round "6.7"]
[White "Philippe, Christophe"]
[Black "Roos, Jean-Luc"]
[Result "1-0"]
[WhiteTitle "IM"]
[BlackTitle "IM"]
[WhiteElo "2372"]
[BlackElo "2256"]
[WhiteTeam "Vandoeuvre-Echecs"]
[BlackTeam "C.E. Strasbourg"]
[WhiteFideId "610038"]
[BlackFideId "600601"]
[EventDate "2013.05.30"]

1. d4 Nf6 2. Nf3 g6 3. Nc3 d5 4. Bf4 Bg7 5. Qd2 O-O 6. Bh6 c5 7. Bxg7 Kxg7 8.
dxc5 Qa5 9. e4 dxe4 10. Nxe4 Qxd2+ 11. Nfxd2 Nxe4 12. Nxe4 Bf5 13. Bd3 Nd7 14.
O-O-O Bxe4 15. Bxe4 Nxc5 16. Bf3 a5 17. Rhe1 e6 18. Rd6 Rab8 19. Rb6 Rfc8 20.
Re3 e5 21. g4 Re8 22. Bd5 e4 23. f3 exf3 24. Rxf3 Re7 25. b3 Nd7 26. Rxb7 Rxb7
27. Bxb7 Ne5 28. Re3 Rxb7 29. Rxe5 Rb4 30. c4 Rb8 1-0

[Event "French Top 12 2013"]
[Site "Haguenau FRA"]
[Date "2013.06.04"]
[Round "6.8"]
[White "Nicoara, Malina"]
[Black "Guichard, Pauline"]
[Result "0-1"]
[WhiteTitle "WIM"]
[BlackTitle "WGM"]
[WhiteElo "2117"]
[BlackElo "2351"]
[WhiteTeam "C.E. Strasbourg"]
[BlackTeam "Vandoeuvre-Echecs"]
[WhiteFideId "604631"]
[BlackFideId "639370"]
[EventDate "2013.05.30"]

1. d4 Nf6 2. c4 e6 3. g3 d5 4. Nf3 dxc4 5. Bg2 Bb4+ 6. Bd2 Bd6 7. Qa4+ Nc6 8.
Na3 a6 9. Nxc4 b5 10. Nxd6+ cxd6 11. Qa3 Bb7 12. O-O O-O 13. Bg5 Rc8 14. Rac1 h6
15. Bf4 b4 16. Qd3 Ne7 17. Rxc8 Qxc8 18. Bxd6 Be4 19. Qd2 Nfd5 20. Bxb4 Nxb4 21.
Qxb4 Nf5 22. Ne5 Bxg2 23. Kxg2 Qc2 24. Re1 Qe4+ 25. f3 Qc2 26. Kg1 Rd8 27. e3
Rc8 28. Qb7 Rc7 29. Qa8+ Kh7 30. Qxa6 Qxb2 31. Re2 Rc1+ 32. Kg2 Qb1 33. Qd3 Rg1+
34. Kh3 Qf1+ 35. Kg4 f6 36. Nf7 h5+ 37. Kf4 Kg8 38. d5 g5+ 39. Nxg5 fxg5+ 40.
Kxg5 Qxf3 41. Rc2 Qg4+ 42. Kf6 Qg7+ 43. Kxe6 Qe7+ 0-1

[Event "French Top 12 2013"]
[Site "Haguenau FRA"]
[Date "2013.06.04"]
[Round "6.2"]
[White "Tregubov, Pavel V."]
[Black "Schlosser, Philipp"]
[Result "1/2-1/2"]
[WhiteTitle "GM"]
[BlackTitle "GM"]
[WhiteElo "2611"]
[BlackElo "2602"]
[WhiteTeam "Clichy-Echecs-92"]
[BlackTeam "Bischwiller"]
[WhiteFideId "4115341"]
[BlackFideId "4600169"]
[EventDate "2013.05.30"]

1. d4 Nf6 2. c4 e6 3. Nf3 b6 4. g3 Ba6 5. Qb3 c6 6. Bg5 Be7 7. Nc3 d5 8. Bxf6
Bxf6 9. e4 dxc4 10. Bxc4 O-O 11. O-O Bxd4 12. Rfd1 c5 13. Bxa6 Nxa6 14. Qa4 Qf6
15. Nxd4 cxd4 16. Qxd4 Rfd8 17. Qa4 Nc5 18. Rxd8+ Qxd8 19. Qb5 Qd3 1/2-1/2

[Event "French Top 12 2013"]
[Site "Haguenau FRA"]
[Date "2013.06.04"]
[Round "6.3"]
[White "Buhmann, Rainer"]
[Black "Hamdouchi, Hicham"]
[Result "1/2-1/2"]
[WhiteTitle "GM"]
[BlackTitle "GM"]
[WhiteElo "2578"]
[BlackElo "2602"]
[WhiteTeam "Bischwiller"]
[BlackTeam "Clichy-Echecs-92"]
[WhiteFideId "4651340"]
[BlackFideId "9000011"]
[EventDate "2013.05.30"]

1. Nf3 c5 2. c4 Nc6 3. Nc3 e5 4. e3 Nf6 5. d4 e4 6. Ne5 g6 7. Rb1 Bg7 8. Nxc6
dxc6 9. dxc5 Qxd1+ 10. Nxd1 Nd7 11. Bd2 a5 12. Bc3 Bxc3+ 13. Nxc3 1/2-1/2

[Event "French Top 12 2013"]
[Site "Haguenau FRA"]
[Date "2013.06.04"]
[Round "6.4"]
[White "Fressinet, Laurent"]
[Black "Le Roux, Jean-Pierre"]
[Result "1-0"]
[WhiteTitle "GM"]
[BlackTitle "GM"]
[WhiteElo "2693"]
[BlackElo "2576"]
[WhiteTeam "Clichy-Echecs-92"]
[BlackTeam "Bischwiller"]
[WhiteFideId "608742"]
[BlackFideId "609404"]
[EventDate "2013.05.30"]

1. e4 e5 2. Nf3 Nc6 3. d4 exd4 4. Nxd4 Bc5 5. Nb3 Bb4+ 6. c3 Be7 7. Bf4 Bg5 8.
Bg3 Nh6 9. N1d2 O-O 10. Bc4 d6 11. O-O Be6 12. Bxe6 fxe6 13. Nf3 e5 14. c4 Be7
15. c5 Qe8 16. cxd6 cxd6 17. Nbd2 Qf7 18. b3 Ng4 19. Nc4 Nf6 20. Re1 Qe6 21. Ng5
Qd7 22. Qd3 b5 23. Ne3 Nd4 24. Nf5 Nxf5 25. exf5 h6 26. Ne6 Rfc8 27. Bh4 b4 28.
Rad1 Rc3 29. Qd2 a5 30. Bxf6 Bxf6 31. Re4 h5 32. Qe2 Qc6 33. Re3 Rc8 34. Qxh5
Rxe3 35. fxe3 Qe4 36. Re1 d5 37. Qg6 Qh4 38. Rd1 d4 39. exd4 exd4 40. Nxg7 Qg5
41. Nh5+ Qxg6 42. fxg6 Bg5 43. Kf2 Be3+ 44. Kg3 Rc5 45. Kh4 Rg5 46. Nf6+ Kg7 47.
Ng4 Kxg6 48. Re1 Kf5 49. Nxe3+ dxe3 50. Rf1+ Kg6 51. Kh3 Rc5 52. Re1 Rc2 53.
Rxe3 Rxa2 54. Re5 Kf6 55. Rb5 Ra3 56. g3 Ra2 57. g4 Ra3 58. g5+ Ke6 59. Kg4 Rxb3
60. Rxa5 Rc3 61. Rb5 b3 62. h4 Rd3 63. Rb6+ Kf7 64. Kh5 Rh3 65. g6+ Kg7 66. Rb7+
Kf8 67. Kg5 Rg3+ 68. Kh6 1-0

[Event "French Top 12 2013"]
[Site "Haguenau FRA"]
[Date "2013.06.04"]
[Round "6.6"]
[White "Van Wely, Loek"]
[Black "Bellahcene, Bilel"]
[Result "1-0"]
[WhiteTitle "GM"]
[BlackTitle "FM"]
[WhiteElo "2689"]
[BlackElo "2355"]
[WhiteTeam "Clichy-Echecs-92"]
[BlackTeam "Bischwiller"]
[WhiteFideId "1000268"]
[BlackFideId "696358"]
[EventDate "2013.05.30"]

1. Nf3 Nf6 2. c4 c5 3. Nc3 Nc6 4. g3 d5 5. d4 e6 6. cxd5 Nxd5 7. Bg2 Nxc3 8.
bxc3 cxd4 9. cxd4 Be7 10. O-O O-O 11. Rb1 Qa5 12. Qc2 Rd8 13. Rd1 Bd7 14. Rxb7
Qa6 15. Rb2 Rac8 16. Qe4 Qa4 17. Rf1 Na5 18. Qd3 Bc6 19. Qa6 Bxf3 20. Bxf3 Qxd4
21. Qxa5 Rxc1 22. Rxc1 Qxb2 23. Rc7 Bf8 24. Qxa7 Rd1+ 25. Kg2 Ra1 26. Rc8 Qb1
27. Bh5 Qe4+ 28. Kh3 Qf5+ 29. g4 Qf6 30. Qc5 1-0

[Event "French Top 12 2013"]
[Site "Haguenau FRA"]
[Date "2013.06.04"]
[Round "6.7"]
[White "Netzer, Jean"]
[Black "Delorme, Axel"]
[Result "1/2-1/2"]
[WhiteTitle "IM"]
[BlackTitle "IM"]
[WhiteElo "2406"]
[BlackElo "2471"]
[WhiteTeam "Bischwiller"]
[BlackTeam "Clichy-Echecs-92"]
[WhiteFideId "623350"]
[BlackFideId "632023"]
[EventDate "2013.05.30"]

1. e4 e5 2. Nf3 Nc6 3. Bc4 d6 4. d4 Bg4 5. c3 Nf6 6. Bb5 Nd7 7. Be3 Be7 8. Nbd2
O-O 9. h3 Bh5 10. Qc2 a6 11. Bxc6 bxc6 12. dxe5 Nxe5 13. Nd4 Rb8 14. b3 c5 15.
Nf5 Bg6 16. Nxe7+ Qxe7 17. O-O f5 18. f4 Nd7 19. Qd3 a5 20. exf5 Bxf5 21. Qd5+
Qf7 1/2-1/2

[Event "French Top 12 2013"]
[Site "Haguenau FRA"]
[Date "2013.06.04"]
[Round "6.8"]
[White "Skripchenko, Almira"]
[Black "Maisuradze, Nino"]
[Result "1-0"]
[WhiteTitle "IM"]
[BlackTitle "WGM"]
[WhiteElo "2430"]
[BlackElo "2304"]
[WhiteTeam "Clichy-Echecs-92"]
[BlackTeam "Bischwiller"]
[WhiteFideId "13900145"]
[BlackFideId "13601717"]
[EventDate "2013.05.30"]

1. e4 c5 2. Nc3 d6 3. f4 Nc6 4. Nf3 g6 5. Bb5 Bg7 6. Bxc6+ bxc6 7. d3 Nf6 8. O-O
O-O 9. Qe1 Nd7 10. f5 Ne5 11. Qh4 e6 12. Ng5 h5 13. fxg6 fxg6 14. Rxf8+ Qxf8 15.
Bd2 Qe7 16. Rf1 Bd7 17. Ne2 Rf8 18. Rxf8+ Bxf8 19. Qg3 Nf7 20. Nxf7 Qxf7 21. e5
d5 22. Nf4 Kh7 23. Nh3 Qf5 24. Ng5+ Kg8 25. Nf3 Qg4 26. Qf2 Be7 27. b3 Qf5 28.
Be3 d4 29. Bc1 g5 30. Nxg5 Bxg5 31. Qg3 Kf7 32. Bxg5 Be8 33. h3 a6 34. Bf6 Qg6
35. Qh4 Qh6 36. Bg5 Qg6 37. Bd8 Kg8 38. Qf4 Qf7 39. Bf6 Kh7 40. Kh2 Qd7 41. Qg5
Bg6 42. Be7 c4 43. bxc4 Qe8 44. Bc5 Qd7 45. Qf4 Bf5 46. Bxd4 Qe7 47. Be3 Kg8 48.
Qf3 Qe8 49. Bc5 Kh7 50. Bd6 Kh8 51. Qe3 Kg8 52. Qa7 h4 53. Qf2 Qd8 54. a3 Qg5
55. Bc5 Kh7 56. Be3 Qh5 57. Qe1 Kg6 58. Bf2 Kg5 59. a4 Qh8 60. Qe3+ Kg6 61. Qf4 1-0

[Event "French Top 12 2013"]
[Site "Haguenau FRA"]
[Date "2013.06.04"]
[Round "6.2"]
[White "Llanes Hurtado, Miguel"]
[Black "Salgado Lopez, Ivan"]
[Result "0-1"]
[WhiteTitle "GM"]
[BlackTitle "GM"]
[WhiteElo "2469"]
[BlackElo "2598"]
[WhiteTeam "Grasse Echecs"]
[BlackTeam "L'Echiquier Chalonnais"]
[WhiteFideId "2206706"]
[BlackFideId "2257327"]
[EventDate "2013.05.30"]

1. d4 Nf6 2. c4 e6 3. Nf3 c5 4. d5 b5 5. Bg5 b4 6. e4 h6 7. Bxf6 Qxf6 8. e5 Qd8
9. dxe6 dxe6 10. Bd3 Bb7 11. Qe2 g5 12. h3 Nc6 13. Nbd2 Qc7 14. O-O-O O-O-O 15.
Rhe1 Be7 16. Qe3 a5 17. Bc2 Kb8 18. g3 Rhg8 19. Ng1 h5 20. f4 h4 21. Ndf3 Rxd1+
22. Rxd1 gxf4 23. gxf4 Nd4 24. Ng5 Bxg5 25. fxg5 Qe7 26. g6 Nxc2 27. Kxc2 Rxg6
28. Ne2 Rg2 29. Rd6 Qg5 30. Qxc5 Rxe2+ 31. Kd1 Rxb2 0-1

[Event "French Top 12 2013"]
[Site "Haguenau FRA"]
[Date "2013.06.04"]
[Round "6.3"]
[White "Sokolov, Ivan"]
[Black "Battaglini, Gabriel"]
[Result "1/2-1/2"]
[WhiteTitle "GM"]
[BlackTitle "IM"]
[WhiteElo "2642"]
[BlackElo "2437"]
[WhiteTeam "L'Echiquier Chalonnais"]
[BlackTeam "Grasse Echecs"]
[WhiteFideId "14400030"]
[BlackFideId "621650"]
[EventDate "2013.05.30"]

1. d4 Nf6 2. c4 c5 3. d5 e6 4. Nc3 exd5 5. cxd5 d6 6. Nf3 g6 7. Bf4 Bg7 8. e3
O-O 9. h3 Na6 10. Bc4 Nc7 11. a4 a6 12. O-O Rb8 13. a5 b5 14. axb6 Rxb6 15. b3
Nb5 16. Na4 Rb7 17. Rc1 Re8 18. Nd2 Rbe7 19. Bg5 h6 20. Bh4 Bb7 21. Qf3 g5 22.
Bg3 Qa8 23. Nb6 Qd8 24. Na4 Qa8 25. Nb6 Qd8 26. Na4 Qa8 27. Nb6 1/2-1/2

[Event "French Top 12 2013"]
[Site "Haguenau FRA"]
[Date "2013.06.04"]
[Round "6.4"]
[White "Apicella, Manuel"]
[Black "Krasenkow, Michal"]
[Result "1/2-1/2"]
[WhiteTitle "GM"]
[BlackTitle "GM"]
[WhiteElo "2532"]
[BlackElo "2642"]
[WhiteTeam "Grasse Echecs"]
[BlackTeam "L'Echiquier Chalonnais"]
[WhiteFideId "600164"]
[BlackFideId "1113100"]
[EventDate "2013.05.30"]

1. e4 c5 2. Nf3 Nc6 3. d4 cxd4 4. Nxd4 Nf6 5. Nc3 e5 6. Ndb5 d6 7. Nd5 Nxd5 8.
exd5 Nb8 9. c4 Be7 10. Be2 a6 11. Nc3 O-O 12. O-O f5 13. f4 Nd7 14. Kh1 Bf6 15.
Qc2 exf4 16. Bxf4 Be5 17. Qd2 Bxf4 18. Rxf4 Ne5 19. Raf1 Bd7 20. Qd4 Rc8 21. g4
g6 22. Ne4 Qe7 23. gxf5 Rxf5 24. Ng3 Rxf4 25. Qxf4 b5 26. b3 Bh3 27. Rc1 bxc4
28. bxc4 Nd7 29. Qh6 Bf5 30. Rf1 Rf8 31. Nxf5 Qe4+ 32. Kg1 Rxf5 33. Rxf5 Qxf5
34. Qe3 Nc5 35. Qe8+ Qf8 36. Qe3 Qf6 37. a3 Kf8 38. Kg2 Qe7 39. Qf4+ Ke8 40. Bf3
Kd8 41. h4 Kc7 42. Qd4 h6 43. Kg3 g5 44. h5 Qe1+ 45. Kh3 Kb6 46. Qf6 Qh4+ 47.
Kg2 Qf4 48. Qxf4 gxf4 49. Kh3 Nd3 50. Kg4 Ne5+ 51. Kxf4 Nxf3 52. Kxf3 Kc5 53.
Ke4 Kxc4 54. a4 a5 55. Kf5 Kxd5 56. Kg6 Kc4 57. Kxh6 d5 58. Kg5 d4 59. Kf4 d3
60. Ke3 Kc3 61. h6 d2 62. h7 d1=Q 63. h8=Q+ Kb3 64. Qd4 1/2-1/2

[Event "French Top 12 2013"]
[Site "Haguenau FRA"]
[Date "2013.06.04"]
[Round "6.6"]
[White "Nanu, Costica-Ciprian"]
[Black "Vernay, Clovis"]
[Result "1-0"]
[WhiteTitle "GM"]
[BlackTitle "IM"]
[WhiteElo "2519"]
[BlackElo "2434"]
[WhiteTeam "Grasse Echecs"]
[BlackTeam "L'Echiquier Chalonnais"]
[WhiteFideId "1204580"]
[BlackFideId "633046"]
[EventDate "2013.05.30"]

1. c4 e5 2. Nc3 Nf6 3. Nf3 Nc6 4. g3 d5 5. cxd5 Nxd5 6. Bg2 Nb6 7. O-O Be7 8. d3
O-O 9. Be3 Re8 10. Rc1 Bf8 11. Ne4 Nd4 12. Nc5 Nxf3+ 13. Bxf3 c6 14. Qc2 Nd5 15.
Bd2 b6 16. Ne4 Bb7 17. Qc4 Qe7 18. a3 h6 19. b4 Rad8 20. Rfd1 Kh7 21. Nc3 g6 22.
d4 exd4 23. Nxd5 Rxd5 24. Bxd5 cxd5 25. Qxd4 Bg7 26. Qd3 d4 27. Re1 Be4 28. Qb5
Rd8 29. f3 Bb7 30. Bf4 Rd7 31. Kg2 Rd5 32. Qd3 Qe6 33. h3 Bc6 34. Qe4 Qd7 35.
Qc2 Ba4 36. Qc8 Qb5 37. Rc7 Rf5 38. Qb7 Bb3 39. Qe4 a5 40. Qc6 Qa6 41. Rc8 Ba4
42. Qc7 g5 43. Bd2 axb4 44. Bxb4 Bb5 45. Qd8 Kg6 46. Qg8 Rf6 47. g4 1-0

[Event "French Top 12 2013"]
[Site "Haguenau FRA"]
[Date "2013.06.04"]
[Round "6.1"]
[White "Navara, David"]
[Black "Swiercz, Dariusz"]
[Result "1-0"]
[WhiteTitle "GM"]
[BlackTitle "GM"]
[WhiteElo "2697"]
[BlackElo "2631"]
[WhiteTeam "Mulhouse Philidor"]
[BlackTeam "C.E. de Rueil Malmaison"]
[WhiteFideId "309095"]
[BlackFideId "1126881"]
[EventDate "2013.05.30"]

1. d4 Nf6 2. c4 e6 3. Nc3 Bb4 4. Qc2 O-O 5. e4 d5 6. e5 Ne4 7. Bd3 c5 8. Nf3
cxd4 9. Nxd4 Nd7 10. Bf4 Qh4 11. g3 Qh5 12. O-O Bxc3 13. bxc3 g5 14. cxd5 exd5
15. e6 gxf4 16. exd7 Bxd7 17. Bxe4 dxe4 18. Qxe4 fxg3 19. hxg3 b6 20. Rfe1 Rfe8
21. Qb7 Bf5 22. Qc6 Rxe1+ 23. Rxe1 Rf8 24. Re5 Qd1+ 25. Kg2 Bg6 26. Qf6 Qd3 27.
Kh2 h6 28. Rh5 Re8 29. Rxh6 Bh7 30. Rh5 Qxc3 31. Rxh7 Kxh7 32. Qxf7+ Kh6 33.
Nf5+ Kg5 34. Nh4 Qc2 35. Qg7+ Kh5 36. Kh3 1-0

[Event "French Top 12 2013"]
[Site "Haguenau FRA"]
[Date "2013.06.04"]
[Round "6.2"]
[White "Loiseau, Quentin"]
[Black "Wojtaszek, Radoslaw"]
[Result "0-1"]
[WhiteTitle "FM"]
[BlackTitle "GM"]
[WhiteElo "2406"]
[BlackElo "2701"]
[WhiteTeam "C.E. de Rueil Malmaison"]
[BlackTeam "Mulhouse Philidor"]
[WhiteFideId "665274"]
[BlackFideId "1118358"]
[EventDate "2013.05.30"]

1. d4 g6 2. c4 Bg7 3. Nc3 c5 4. d5 Bxc3+ 5. bxc3 f5 6. e4 fxe4 7. f3 d6 8. fxe4
Nf6 9. Bd3 Nbd7 10. Nf3 Ne5 11. Nxe5 dxe5 12. O-O Qd6 13. Rb1 b6 14. a4 a5 15.
Qb3 Rb8 16. Rb2 h6 17. Be3 Bd7 18. h3 Kf7 19. Kf2 Kg7 20. Ke1 g5 21. g4 Nh7 22.
Rh2 Rhf8 23. Rg1 Rf3 24. Kd2 Qf6 25. Rhh1 Nf8 26. Be2 Rf4 27. Bxf4 exf4 28. e5
Qxe5 29. Bd3 Qf6 30. Re1 Re8 31. Qc2 e5 32. dxe6 Bxe6 33. Kc1 Rd8 34. Kb2 Bf7
35. Rh2 Qd6 36. Bf5 Bxc4 37. h4 Bf7 38. hxg5 hxg5 39. Qg2 Ng6 40. Qb7 Qd5 41.
Qxd5 Rxd5 42. Be6 Re5 43. Rxe5 Nxe5 44. Bxf7 Kxf7 45. Kc1 Nxg4 46. Rg2 f3 47.
Rg3 Nh2 48. Rxg5 Ke6 0-1

[Event "French Top 12 2013"]
[Site "Haguenau FRA"]
[Date "2013.06.04"]
[Round "6.3"]
[White "Gajewski, Grzegorz"]
[Black "Renet, Olivier"]
[Result "1-0"]
[WhiteTitle "GM"]
[BlackTitle "GM"]
[WhiteElo "2653"]
[BlackElo "2469"]
[WhiteTeam "Mulhouse Philidor"]
[BlackTeam "C.E. de Rueil Malmaison"]
[WhiteFideId "1116207"]
[BlackFideId "600040"]
[EventDate "2013.05.30"]

1. d4 Nf6 2. c4 g6 3. Nc3 Bg7 4. e4 d6 5. h3 O-O 6. Be3 e5 7. d5 Na6 8. Bd3 Ne8
9. g4 Nc5 10. Bc2 f5 11. b4 Nxe4 12. Nxe4 fxe4 13. Qd2 c6 14. Ne2 Nc7 15. Nc3
cxd5 16. cxd5 Rf4 17. Nxe4 Nb5 18. a4 Nd4 19. Bxd4 Rxe4+ 20. Bxe4 exd4 21. O-O
Bd7 22. b5 Rc8 23. Rac1 Rc3 24. Rxc3 dxc3 25. Qe3 Qh4 26. Re1 Be5 27. Bg2 Qf6
28. Qxa7 Bd4 29. Qb8+ Kg7 30. Re2 1-0

[Event "French Top 12 2013"]
[Site "Haguenau FRA"]
[Date "2013.06.04"]
[Round "6.4"]
[White "Dubessay, Bastien"]
[Black "Degraeve, Jean-Marc"]
[Result "0-1"]
[WhiteTitle "FM"]
[BlackTitle "GM"]
[WhiteElo "2378"]
[BlackElo "2567"]
[WhiteTeam "C.E. de Rueil Malmaison"]
[BlackTeam "Mulhouse Philidor"]
[WhiteFideId "650048"]
[BlackFideId "600270"]
[EventDate "2013.05.30"]

1. d4 d6 2. c4 e5 3. d5 Be7 4. Nc3 Bg5 5. e3 f5 6. f3 Nf6 7. Nh3 Bh6 8. Nf2 g6
9. Bd3 c6 10. Bc2 Na6 11. a3 cxd5 12. cxd5 Nc5 13. b4 Ncd7 14. e4 Bxc1 15. Qxc1
f4 16. Bb3 O-O 17. Qd2 a5 18. O-O g5 19. g4 h5 20. h3 Rf7 21. Rac1 axb4 22. axb4
Nf8 23. Bd1 Ng6 24. Nd3 Rh7 25. Rf2 Bd7 26. Rh2 Rc8 27. Qf2 Rc4 28. Ne2 Bb5 29.
Rxc4 Bxc4 30. Nec1 Bb5 31. Ne1 Qc8 32. Qb2 hxg4 33. hxg4 Rxh2 34. Kxh2 Bd7 35.
Qc2 Qd8 36. Ncd3 Kg7 37. Kg1 Ne7 38. Nf2 Qb6 39. Nd3 Bb5 40. Kg2 Ng6 41. Kh2 Nh4
42. Ne1 Ba4 43. Qb2 Qe3 44. Ng2 Nxg2 45. Kxg2 Bb5 46. Qa2 Qe1 47. Qa7 Kg6 48.
Kh2 Bc4 49. Qb6 Qe3 0-1

[Event "French Top 12 2013"]
[Site "Haguenau FRA"]
[Date "2013.06.04"]
[Round "6.6"]
[White "Camus de Solliers, Guillaume"]
[Black "Ider, Borya"]
[Result "1-0"]
[WhiteTitle "FM"]
[BlackTitle "FM"]
[WhiteElo "2346"]
[BlackElo "2389"]
[WhiteTeam "C.E. de Rueil Malmaison"]
[BlackTeam "Mulhouse Philidor"]
[WhiteFideId "631256"]
[BlackFideId "4901134"]
[EventDate "2013.05.30"]

1. d4 e6 2. c4 Nf6 3. Nf3 d5 4. Nc3 Nbd7 5. Bf4 dxc4 6. e3 Nb6 7. Bxc4 Nxc4 8.
Qa4+ c6 9. Qxc4 Nd5 10. Bg3 Qb6 11. O-O-O Be7 12. e4 Nxc3 13. Qxc3 O-O 14. Kb1
a5 15. Ne5 a4 16. a3 Qd8 17. h4 Ra5 18. Rd3 Rb5 19. Qc2 Rb3 20. Rxb3 axb3 21.
Qc3 f5 22. f3 fxe4 23. fxe4 Qb6 24. Nc4 Qb5 25. Re1 c5 26. dxc5 Qxc5 27. Qxb3
Kh8 28. Rc1 Qd4 29. Nb6 Qxe4+ 30. Ka2 Qxg2 31. Nxc8 Bf6 32. Rc2 Qh1 33. Qxe6 Qd1
34. Nd6 h5 35. Rc5 b6 36. Rd5 Qf3 37. Nf7+ Kh7 38. Ng5+ Bxg5 39. Rxg5 Rf6 40.
Qe8 1-0